Nagła Śmierć - Polskie miasta - Statystyki

Ogólne statystyki
  • Ten quiz został rozwiązany 160 razy
  • Średni wynik to 6 z 15
Answers on the Grid
Answers color-coded by a green-red scale on the quiz's grid according to % correct below.
Grodno
Hajnówka
Gołdap
Mamonowo
Chociebuż
Budziszyn
Hawierzów
Sczawnica
Włodawa
Klińce
Susz
Olkieniki
Lubartów
Koszyce
Braszów
Dukla
Preszów
Pińsk
Poniewież
Sępopol
Jeziorany
Pasawa
Brzecław
Żagań
Police
Pułtusk
Płońsk
Włodzimierz
Annopol
Przasnysz
 
Statystyki odpowiedzi
Odpowiedź % Poprawnych
Hajnówka
66%
Gołdap
59%
Pułtusk
53%
Lubartów
47%
Police
44%
Żagań
41%
Płońsk
40%
Przasnysz
37%
Włodawa
37%
Sczawnica
34%
Annopol
26%
Jeziorany
23%
Sępopol
21%
Dukla
18%
Susz
15%
Nie znaleziono quizów pasujących do podanych kryteriów
Rozkład punktacji
Procent ludzi z każdym wynikiem
Percentyl według liczby udzielonych odpowiedzi
Twoja historia wyników
Nie rozwiązałeś tego quizu